000 00396nam a2200169Ia 4500
003 OSt
005 20240309120042.0
008 170619s9999 xx 000 0 und d
020 _a9788131714034
040 _cIIMT ENGINEERING COLLEGE
100 _aAwad Elias
245 0 _aKnowledge Management
260 _bSingapore Pearson Pub.
260 _c2007
546 _aENGLISH
942 _2ddc
_c02
999 _c22321
_d22321